00620nam a2200181Ia 4500008004000000020001800040082001300058100002800071245003200099250000500131260004300136300001100179650002700190690002500217906001100242999001900253952016600272210210b2002 xxu||||| |||| 00| 0 eng d a81 7808 279 9 a511 JOHD aJOHNSONBAUGH (Richard). aDiscrete mathematics. Ed 5. a aDelhi.bPearson Education Asia.,c2002 axv,621 aDiscrete Mathematics  aDiscrete Mathematics a057620 c105315d105315 001040708MathematicsaALbALcMathematicsd2021-02-17eHigginbothams (P) Ltd., Mangalore-01.g325.00l0o511 JOHDp057620r2021-02-17 00:00:00w2021-02-17yBK